| 000 | 00477pab a2200169 454500 | ||
|---|---|---|---|
| 008 | 180718b2006 xxu||||| |||| 00| 0 eng d | ||
| 100 | _aJaved, Talha | ||
| 245 | _aManaging geographically distributed clients throughout the project management life cycle | ||
| 260 | _c2006 | ||
| 300 | _ap.76-87. | ||
| 362 | _aDec | ||
| 650 | _aProject Management | ||
| 700 | _aDurrani, Qaiser S. | ||
| 700 | _aMaqsood, Manzil E. | ||
| 773 | _aProject Management Journal | ||
| 909 | _a73082 | ||
| 999 |
_c73082 _d73082 |
||